000 00342nam a22001337a 4500
005 20200614154455.0
008 200614b xxu||||| |||| 00| 0 eng d
082 _a345.4
245 _aCONSTITUENT ASSEMBLY BEBATES (OFFICIAL REPORT) [V-VII]
260 _aMUMBAI
_bALL INDIA REPORTER
300 _a1391;p
650 _aLAW
_95701
942 _cJRL
999 _c7181
_d7179